|
|
|
|
| LEADER |
00000caa a22000002c 4500 |
| 001 |
1525979906 |
| 003 |
DE-627 |
| 005 |
20220604105022.0 |
| 007 |
tu |
| 008 |
160223s2004 xx ||||| 00| ||ger c |
| 020 |
|
|
|a 3406522327
|
| 035 |
|
|
|a (DE-627)1525979906
|
| 035 |
|
|
|a (DE-576)455979901
|
| 035 |
|
|
|a (DE-599)BSZ455979901
|
| 040 |
|
|
|a DE-627
|b ger
|c DE-627
|e rakwb
|
| 041 |
|
|
|a ger
|
| 100 |
1 |
|
|a Jung, Heike
|d 1942-
|0 (DE-588)115874917
|0 (DE-627)077527429
|0 (DE-576)161620566
|4 aut
|
| 109 |
|
|
|a Jung, Heike 1942-
|
| 245 |
1 |
0 |
|a Fernsehberichterstattung aus der Hauptverhandlung
|c Heike Jung
|
| 264 |
|
1 |
|c 2004
|
| 336 |
|
|
|a Text
|b txt
|2 rdacontent
|
| 337 |
|
|
|a ohne Hilfsmittel zu benutzen
|b n
|2 rdamedia
|
| 338 |
|
|
|a Band
|b nc
|2 rdacarrier
|
| 773 |
0 |
8 |
|i In
|t Alternativ-Entwurf Strafjustiz und Medien (AE-StuM)
|d München : Beck, 2004
|g (2004), Seite 102-115
|h VII, 166 S.
|w (DE-627)386102481
|w (DE-576)111439418
|z 3406522327
|7 nnam
|
| 773 |
1 |
8 |
|g year:2004
|g pages:102-115
|
| 935 |
|
|
|a mkri
|
| 951 |
|
|
|a AR
|
| ELC |
|
|
|b 1
|
| LOK |
|
|
|0 000 xxxxxcx a22 zn 4500
|
| LOK |
|
|
|0 001 289947183X
|
| LOK |
|
|
|0 003 DE-627
|
| LOK |
|
|
|0 004 1525979906
|
| LOK |
|
|
|0 005 20260119135421
|
| LOK |
|
|
|0 008 160208||||||||||||||||ger|||||||
|
| LOK |
|
|
|0 040
|a DE-21-110
|c DE-627
|d DE-21-110
|
| LOK |
|
|
|0 689
|a s
|a Fernsehberichterstattung
|
| LOK |
|
|
|0 689
|a s
|a Hauptverhandlung
|
| LOK |
|
|
|0 689
|a s
|a Persönlichkeitsrecht
|
| LOK |
|
|
|0 689
|a s
|a Verfahrensbeteiligte
|
| LOK |
|
|
|0 689
|a s
|a Öffentlichkeitsgrundsatz
|
| LOK |
|
|
|0 852
|a DE-21-110
|
| LOK |
|
|
|0 852 1
|m p
|9 00
|
| LOK |
|
|
|0 935
|a k110
|
| LOK |
|
|
|0 938
|k p
|
| LOK |
|
|
|0 939
|a 08-02-16
|b l01
|
| ORI |
|
|
|a SA-MARC-krimdoka001.raw
|